| 000 | 01376nam a2200265Ia 4500 | ||
|---|---|---|---|
| 003 | OSt | ||
| 005 | 20211020092749.0 | ||
| 008 | 210310s2001 eu ad fr 000 0 eng d | ||
| 040 |
_aCO-JMCR _cCO-JMCR |
||
| 041 | 0 | _aeng | |
| 082 | 0 | 4 |
_a338.9 / _bS989e _223 |
| 111 |
_aA Symposium Sponsored by the Federal Reserve Bank of Kansas City _d(2001 : _cJackson Hole) _941210 |
||
| 245 | 1 | 0 |
_aEconomic policy for the information economy : _bSymposium sponsored by the Federal Reserve Bank of Kansas City, Jackson Hole, Wyoming, August 30-September 1, 2001 |
| 260 |
_aKansas City : _bThe Federal Reserve Bank of Kansas City, _c2001 |
||
| 300 |
_axxxxi, 433 páginas : _bilustraciones y gráficas a blanco y negro ; _c23 cm. |
||
| 490 | 0 | _aSymposium series | |
| 500 | _aIncluye notas a pie de página. | ||
| 504 | _aBibliografía al final de algunos capítulos. | ||
| 505 | 0 | _aThe "New economy": background, historical perspective, questions, and speculations -- High-technology industries and market structure -- Technology, information production, and market efficiency -- Reducing the international digital divide -- Monetary policy in the information economy | |
| 650 | 1 | 4 |
_aTecnologías de la información _917795 _zPaíses de la OCDE |
| 650 | 2 | 4 |
_aNueva economía _941211 |
| 650 | 2 | 4 |
_aPolítica económica _941212 |
| 650 | 2 | 4 |
_aPolítica monetaria _941213 |
| 942 |
_2ddc _cBK |
||
| 999 |
_c8616 _d8616 |
||